000 00514nam a2200169 i 4500
001 88029
003 ES-MaACL
005 20230906175804.0
007 t|
008 041230s1971 sp ||||1| spa d
100 1 _aLafont, Robert.
_969506
245 1 3 _aLa revolución regionalista /
_cRobert Lafont ; traducción de Francisco J. Fernández Buey.
260 _aBarcelona :
_bAriel,
_c[1971]
300 _a212 p. ;
_c18 cm.
700 1 _aFernández Buey, Francisco.
_949526
852 _aES-MaACL
_jC-50215
_bR.76814
999 _c88029
_d88029